[Event "XIV C.to Italiano U20"]
[Site "Bratto - Castione della Presolana ITA"]
[Date "2006.08.27"]
[Round "9"]
[White "Boscolo, Marco"]
[Black "Paladino, Giovanni"]
[Result "1/2-1/2"]
[WhiteElo "2041"]
[BlackElo "1760"]
[PlyCount "60"]
[EventDate "2006.08.19"]

1. e4 e5 2. Nf3 Nc6 3. Bb5 a6 4. Ba4 Nf6 5. O-O b5 6. Bb3 Be7 7. Re1 O-O 8. h3
d6 9. c3 Na5 10. Bc2 c5 11. d3 Qc7 12. Nbd2 Bb7 13. Nf1 Nc6 14. Ng3 Rfe8 15.
Nf5 Bf8 16. Bg5 Nd7 17. N3h4 Ne7 18. Qg4 Ng6 19. Re3 d5 20. Rg3 d4 21. cxd4
exd4 22. Rf1 Qb6 23. Nxg6 hxg6 24. Nh4 Nf6 25. Bxf6 Qxf6 26. f4 Bc8 27. Qg5
Qxg5 28. fxg5 c4 29. Rgf3 Be6 30. b3 c3 1/2-1/2

[Event "XIV C.to Italiano U20"]
[Site "Bratto - Castione della Presolana ITA"]
[Date "2006.08.27"]
[Round "9"]
[White "Bosi, Clint"]
[Black "Lai, Luca"]
[Result "1-0"]
[WhiteElo "2050"]
[BlackElo "1877"]
[PlyCount "59"]
[EventDate "2006.08.19"]

1. d4 e5 2. dxe5 f6 3. exf6 d5 4. f7+ Kxf7 5. Nf3 Bc5 6. Bg5 Nf6 7. e3 Re8 8.
Be2 Be6 9. O-O Nc6 10. Nbd2 h6 11. Bxf6 Qxf6 12. c3 Rad8 13. Nb3 Bb6 14. Nbd4
Bc8 15. Qc2 Ne7 16. Rad1 c5 17. Nb3 Kg8 18. c4 Nf5 19. Rxd5 Rxd5 20. cxd5 c4
21. Nbd4 Nxe3 22. fxe3 Rxe3 23. Kh1 Bxd4 24. Nxd4 Qxd4 25. Qxc4 Qxc4 26. Bxc4
Bd7 27. Kg1 b5 28. Bb3 g5 29. d6+ Kg7 30. Rf7+ 1-0

[Event "XIV C.to Italiano U20"]
[Site "Bratto - Castione della Presolana ITA"]
[Date "2006.08.27"]
[Round "9"]
[White "Cantu', Guido"]
[Black "Dini, Andrea"]
[Result "1/2-1/2"]
[WhiteElo "1842"]
[BlackElo "1930"]
[PlyCount "49"]
[EventDate "2006.08.19"]

1. e4 c5 2. Nf3 d6 3. d4 cxd4 4. Nxd4 Nf6 5. Nc3 g6 6. Be3 Bg7 7. f3 O-O 8. Qd2
Nc6 9. Bc4 Bd7 10. O-O-O Rc8 11. Bb3 Ne5 12. Bh6 Bxh6 13. Qxh6 Rxc3 14. bxc3
Qc7 15. h4 Qxc3 16. Kb1 a5 17. h5 Nxh5 18. Rxh5 gxh5 19. Qxh5 Kg7 20. Rh1 Rh8
21. Qh6+ Kg8 22. Nf5 Bxf5 23. exf5 Nc4 24. Bxc4 Qxc4 25. Rh4 1/2-1/2

[Event "XIV C.to Italiano U20"]
[Site "Bratto - Castione della Presolana ITA"]
[Date "2006.08.27"]
[Round "9"]
[White "Caruana, Fabiano"]
[Black "Pomaro, Alberto"]
[Result "1-0"]
[WhiteElo "2444"]
[BlackElo "2046"]
[PlyCount "55"]
[EventDate "2006.08.19"]

1. e4 e6 2. d4 d5 3. Nc3 Bb4 4. e5 c5 5. a3 Bxc3+ 6. bxc3 Qa5 7. Bd2 Qa4 8. Qb1
c4 9. Nf3 Nc6 10. g3 Bd7 11. Bg2 Nge7 12. O-O O-O-O 13. h4 Kb8 14. Qd1 f6 15.
exf6 gxf6 16. Re1 Nf5 17. Bh3 Nce7 18. Bf4+ Ka8 19. h5 Bc8 20. Nh2 Rdf8 21. Ng4
Qc6 22. Qe2 Nd6 23. Nxf6 Rxf6 24. Qe5 Rxf4 25. Qxh8 Nf7 26. Qg7 Nf5 27. Qxf7
Rf3 28. Bxf5 1-0

[Event "XIV C.to Italiano U20"]
[Site "Bratto - Castione della Presolana ITA"]
[Date "2006.08.27"]
[Round "9"]
[White "Cocuzzi, Edoardo"]
[Black "Cozzarin, Davide"]
[Result "1/2-1/2"]
[WhiteElo "1689"]
[BlackElo "2062"]
[PlyCount "26"]
[EventDate "2006.08.19"]

1. e4 e6 2. d4 d5 3. exd5 exd5 4. h3 Bd6 5. Bd3 Nf6 6. Bg5 O-O 7. Qf3 Nbd7 8.
Ne2 c6 9. Nd2 Qb6 10. Nb3 a5 11. Rb1 a4 12. Nd2 Qc7 13. O-O h6 1/2-1/2

[Event "XIV C.to Italiano U20"]
[Site "Bratto - Castione della Presolana ITA"]
[Date "2006.08.27"]
[Round "9"]
[White "De Filomeno, Simone"]
[Black "Andreoni, Giuseppe"]
[Result "1/2-1/2"]
[WhiteElo "1687"]
[BlackElo "2003"]
[PlyCount "45"]
[EventDate "2006.08.19"]

1. e4 Nf6 2. e5 Nd5 3. d4 d6 4. exd6 exd6 5. Nf3 Bg4 6. Bc4 Nf6 7. O-O Be7 8.
Bf4 O-O 9. Nbd2 Nbd7 10. c3 Nb6 11. Bd3 Nbd5 12. Bg3 Qd7 13. Qc2 h6 14. h3 Be6
15. a3 Nh5 16. Bh2 Ndf4 17. Be4 c6 18. Rfe1 Rae8 19. Nf1 f5 20. Bd3 Nxd3 21.
Qxd3 f4 22. Qg6 Nf6 23. Nh4 1/2-1/2

[Event "XIV C.to Italiano U20"]
[Site "Bratto - Castione della Presolana ITA"]
[Date "2006.08.27"]
[Round "9"]
[White "De Nisi, Mario"]
[Black "Popa, Dragos"]
[Result "1-0"]
[WhiteElo "1974"]
[BlackElo "1703"]
[PlyCount "121"]
[EventDate "2006.08.19"]

1. c4 e5 2. Nc3 Nc6 3. g3 g6 4. Bg2 Bg7 5. d3 d6 6. Nf3 h6 7. O-O f5 8. Bd2 Nf6
9. Rb1 O-O 10. b4 g5 11. b5 Ne7 12. Ne1 Ng6 13. Nd5 f4 14. Ba5 Nxd5 15. cxd5 b6
16. Bd2 a5 17. a4 Bf5 18. Rc1 Rf7 19. Rc4 Qd7 20. Qc2 Raf8 21. e4 Bg4 22. f3
fxg3 23. hxg3 Bh3 24. Kh2 Bxg2 25. Kxg2 Kh7 26. Qc1 Kg8 27. Nc2 Bf6 28. Ne3 Bd8
29. Qd1 Ne7 30. Ng4 Rh7 31. Rh1 Kg7 32. Rh5 Qe8 33. Qh1 Rfh8 34. Rc1 Qg6 35.
Kf2 Ng8 36. Re1 Nf6 37. Nxf6 Bxf6 38. f4 exf4 39. gxf4 Bd4+ 40. Be3 Bxe3+ 41.
Kxe3 Kf8 42. f5 Qf7 43. Qh3 Kg7 44. d4 Qf6 45. Rc1 Kf8 46. Qg4 Rg8 47. Kd3 Rgg7
48. Rch1 Rg8 49. Re1 Re7 50. Re2 Kg7 51. Rh1 Rge8 52. Rc1 Rd7 53. Rc6 Rf8 54.
Rec2 Rff7 55. Qh5 Rfe7 56. Rc1 Qf7 57. Qg4 Kg8 58. Rh1 Qg7 59. Qh5 Kh7 60. e5
Re8 61. Qxe8 1-0

[Event "XIV C.to Italiano U20"]
[Site "Bratto - Castione della Presolana ITA"]
[Date "2006.08.27"]
[Round "9"]
[White "Finocchiaro, Gianluca"]
[Black "Regorda, Massimiliano"]
[Result "0-1"]
[WhiteElo "1986"]
[BlackElo "1882"]
[PlyCount "100"]
[EventDate "2006.08.19"]

1. e4 e5 2. Nf3 Nc6 3. Nc3 Nf6 4. d4 exd4 5. Nxd4 Bc5 6. Be3 Bxd4 7. Bxd4 Qe7
8. Bxf6 Qxf6 9. Bd3 Ne5 10. Be2 c6 11. O-O O-O 12. f4 Ng6 13. e5 Qe7 14. Kh1 f6
15. Qd6 Re8 16. Bc4+ Kh8 17. Rae1 b5 18. Qxe7 Rxe7 19. exf6 gxf6 20. Bd3 d5 21.
Rxe7 Nxe7 22. Re1 Ng6 23. Re8+ Kg7 24. Rd8 Nxf4 25. Bf5 Bxf5 26. Rxa8 d4 27.
Rxa7+ Kg6 28. Nd1 Bxc2 29. Nf2 d3 30. Rd7 Nd5 31. Ne4 Kf5 32. Nd2 Kf4 33. Kg1
Ke3 34. Nf1+ Ke2 35. Rd6 d2 36. Nxd2 Kxd2 37. Rxc6 Be4 38. Kf2 f5 39. Rc5 b4
40. a3 Nf4 41. Rc7 b3 42. Rc3 Bc2 43. g4 fxg4 44. a4 Nd3+ 45. Kg3 Nxb2 46. Rc7
Nxa4 47. Kxg4 b2 48. Rb7 b1=Q 49. Rxb1 Bxb1 50. Kg5 Ke3 0-1

[Event "XIV C.to Italiano U20"]
[Site "Bratto - Castione della Presolana ITA"]
[Date "2006.08.27"]
[Round "9"]
[White "Fossati, Remigio"]
[Black "Marazzi, Dominic"]
[Result "1-0"]
[WhiteElo "2203"]
[BlackElo "1679"]
[PlyCount "85"]
[EventDate "2006.08.19"]

1. d4 Nf6 2. c4 g6 3. Nc3 Bg7 4. e4 d6 5. Be2 O-O 6. Nf3 Nbd7 7. O-O c5 8. d5
Re8 9. Bf4 Nh5 10. Be3 Nhf6 11. h3 Qc7 12. Qc2 a6 13. Rad1 Nb6 14. Bf4 Nh5 15.
Bh2 f5 16. Nh4 Bf6 17. Nxf5 Ng7 18. Nh6+ Kh8 19. Rfe1 Rf8 20. f4 Ne8 21. Qd3
Kg7 22. Ng4 Bxg4 23. Bxg4 Bd4+ 24. Kh1 Nd7 25. b3 Ndf6 26. Bf3 Qa5 27. Ne2 Qxa2
28. Nxd4 cxd4 29. Qxd4 Qa5 30. e5 dxe5 31. fxe5 Nd7 32. c5 Qxc5 33. Qh4 h6 34.
Bg1 Qc2 35. Qxe7+ Rf7 36. Qh4 Qxb3 37. e6 Rxf3 38. exd7 Nf6 39. Re7+ Kg8 40.
Qxh6 Rxh3+ 41. Qxh3 Qxd1 42. Qe6+ Kh8 43. Qxf6+ 1-0

[Event "XIV C.to Italiano U20"]
[Site "Bratto - Castione della Presolana ITA"]
[Date "2006.08.27"]
[Round "9"]
[White "Fratino, Lorenzo"]
[Black "Bartoli, Fabio"]
[Result "0-1"]
[WhiteElo "1901"]
[BlackElo "1572"]
[PlyCount "85"]
[EventDate "2006.08.19"]

1. f3 e5 2. e4 Nf6 3. d4 exd4 4. Bg5 Bb4+ 5. Nd2 d6 6. Bb5+ Bd7 7. Qe2 a6 8.
Bxd7+ Nbxd7 9. Qc4 c5 10. Qb3 h6 11. a3 Bxd2+ 12. Bxd2 b5 13. Ne2 Ne5 14. O-O
O-O 15. Nf4 Nc4 16. Rf2 Re8 17. Rb1 Qe7 18. Qd3 g5 19. Nh3 Nd7 20. a4 Nde5 21.
Qf1 Kh7 22. axb5 axb5 23. Bc1 Qd7 24. f4 Ng4 25. Rf3 Nge3 26. Qd3 g4 27. Rxe3
dxe3 28. b3 Nd2 29. Bxd2 exd2 30. Nf2 Kh8 31. Qc3+ Kg8 32. Qxd2 Qe6 33. f5 Qf6
34. Nxg4 Qg7 35. h3 Rxe4 36. Nxh6+ Kh7 37. Ng4 Qd4+ 38. Qxd4 Rxd4 39. Re1 Ra7
40. f6 Rd2 41. Re7 Rxe7 42. fxe7 Re2 43. Nf6+ 0-1

[Event "XIV C.to Italiano U20"]
[Site "Bratto - Castione della Presolana ITA"]
[Date "2006.08.27"]
[Round "9"]
[White "Gallucci, Alessio"]
[Black "Mereu, Matteo"]
[Result "0-1"]
[WhiteElo "1840"]
[BlackElo "1497"]
[PlyCount "78"]
[EventDate "2006.08.19"]

1. e4 e5 2. Nf3 f5 3. Nxe5 Qf6 4. Nc4 fxe4 5. Ne3 c6 6. d4 d5 7. c4 Bb4+ 8. Bd2
Bxd2+ 9. Qxd2 Ne7 10. Nc3 Be6 11. Be2 O-O 12. Rf1 Na6 13. O-O-O Nc7 14. Bg4 Ng6
15. Bxe6+ Qxe6 16. Ne2 b5 17. c5 a5 18. a3 a4 19. Nc2 Rae8 20. Qe3 Na6 21. Nb4
Nxb4 22. axb4 Ra8 23. Kc2 Rae8 24. h3 Qe7 25. Qg3 Rf6 26. Ra1 Ref8 27. Ra3 Qf7
28. f3 Ne7 29. Qh2 Nf5 30. g4 exf3 31. Rfxf3 Ne7 32. Rxf6 Qxf6 33. Re3 Ng6 34.
Qc7 Rf7 35. Qb8+ Rf8 36. Qc7 Rf7 37. Qb8+ Rf8 38. Qc7 Nh4 39. Nf4 Qxf4 0-1

[Event "XIV C.to Italiano U20"]
[Site "Bratto - Castione della Presolana ITA"]
[Date "2006.08.27"]
[Round "9"]
[White "Gilardi, Davide"]
[Black "Battistelli, Alessandro"]
[Result "1/2-1/2"]
[WhiteElo "1518"]
[BlackElo "1872"]
[PlyCount "27"]
[EventDate "2006.08.19"]

1. d4 d5 2. c4 e6 3. Nc3 Nf6 4. Bg5 Be7 5. e3 O-O 6. Nf3 b6 7. cxd5 exd5 8. Bd3
Bb7 9. O-O Nbd7 10. Qe2 c5 11. Ba6 Bxa6 12. Qxa6 cxd4 13. exd4 Re8 14. Rfe1
1/2-1/2

[Event "XIV C.to Italiano U20"]
[Site "Bratto - Castione della Presolana ITA"]
[Date "2006.08.27"]
[Round "9"]
[White "Navarro, Stefano"]
[Black "Stromboli, Carlo"]
[Result "1/2-1/2"]
[WhiteElo "2224"]
[BlackElo "2196"]
[PlyCount "26"]
[EventDate "2006.08.19"]

1. e4 e5 2. Nf3 Nc6 3. c3 Nf6 4. d4 d6 5. Bb5 Bd7 6. O-O Be7 7. Re1 O-O 8. Qd3
Re8 9. Nbd2 Bf8 10. a3 h6 11. Nf1 d5 12. Bxc6 bxc6 13. Nxe5 Nxe4 1/2-1/2

[Event "XIV C.to Italiano U20"]
[Site "Bratto - Castione della Presolana ITA"]
[Date "2006.08.27"]
[Round "9"]
[White "Parodi, Alessandro"]
[Black "Puleo, Diego"]
[Result "1-0"]
[WhiteElo "1918"]
[BlackElo "1767"]
[PlyCount "57"]
[EventDate "2006.08.19"]

1. d4 d5 2. Nf3 Nc6 3. c4 Bg4 4. e3 e6 5. Nc3 Bb4 6. Bd2 Nf6 7. Be2 O-O 8. O-O
a6 9. h3 Bh5 10. a3 Bxc3 11. Bxc3 Ne4 12. cxd5 Qxd5 13. Qc2 Bg6 14. Bd3 Rad8
15. Rfd1 Nxc3 16. bxc3 Na5 17. Bxg6 hxg6 18. Ne5 Nc4 19. e4 Qb5 20. a4 Qb2 21.
Qxb2 Nxb2 22. Rdb1 f6 23. Nxg6 Nd3 24. Nxf8 Kxf8 25. Rxb7 Rc8 26. Rab1 Ke8 27.
Rb8 Kd8 28. g3 Nc1 29. Rxc8+ 1-0

[Event "XIV C.to Italiano U20"]
[Site "Bratto - Castione della Presolana ITA"]
[Date "2006.08.27"]
[Round "9"]
[White "Pulcini, Giorgio"]
[Black "Taglione, Stefano"]
[Result "1/2-1/2"]
[WhiteElo "1659"]
[BlackElo "1667"]
[PlyCount "121"]
[EventDate "2006.08.19"]

1. e4 c5 2. Bc4 Nc6 3. Nf3 e6 4. Nc3 a6 5. a4 Nf6 6. d3 d5 7. exd5 exd5 8. Bb3
Bg4 9. Bg5 Qe7+ 10. Kd2 Qd6 11. Qe2+ Be7 12. Bxf6 Qxf6 13. Nxd5 Qh6+ 14. Qe3
Qxe3+ 15. fxe3 O-O 16. Nxe7+ Nxe7 17. Ne5 Be6 18. Bxe6 fxe6 19. Rhf1 Rad8 20.
Rf3 Rxf3 21. Nxf3 Rf8 22. Ke2 Nc6 23. Ng5 Rf6 24. Ne4 Rg6 25. Rg1 b6 26. Nd6
Nb4 27. c3 Nd5 28. g3 Rh6 29. Rg2 Kf8 30. Rf2+ Ke7 31. Nc4 b5 32. axb5 axb5 33.
Na5 Nf6 34. Kf3 e5 35. Nb7 Nd7 36. d4 exd4 37. exd4 cxd4 38. Re2+ Kf7 39. Nd8+
Kf8 40. Ne6+ Kf7 41. Nxd4 Rf6+ 42. Kg2 Rb6 43. Nf3 b4 44. Ne5+ Nxe5 45. Rxe5
bxc3 46. bxc3 Rc6 47. Re3 Rc4 48. Kf2 Kf6 49. Ke2 Ra4 50. Kd3 Ra3 51. Kc4 g5
52. h3 h5 53. Kb4 Ra2 54. g4 hxg4 55. hxg4 Rf2 56. Re4 Rf4 57. Rxf4+ gxf4 58.
Kc4 Kg5 59. Kd3 Kxg4 60. Ke2 f3+ 61. Kf2 1/2-1/2

[Event "XIV C.to Italiano U20"]
[Site "Bratto - Castione della Presolana ITA"]
[Date "2006.08.27"]
[Round "9"]
[White "Rombaldoni, Brian"]
[Black "Manconi, Antonio"]
[Result "0-1"]
[WhiteElo "1704"]
[BlackElo "2023"]
[PlyCount "62"]
[EventDate "2006.08.19"]

1. d4 Nf6 2. Nf3 g6 3. Bg5 Ne4 4. Bh4 Bg7 5. e3 c5 6. c3 Qb6 7. Qb3 d5 8. Bb5+
Nc6 9. a4 a6 10. Bxc6+ Qxc6 11. O-O h6 12. Nbd2 Nd6 13. Bg3 Nf5 14. Ne5 Bxe5
15. Bxe5 f6 16. Bf4 g5 17. Bg3 h5 18. h3 g4 19. Kh2 gxh3 20. gxh3 Nxg3 21. fxg3
Qe6 22. Rf3 Qxh3+ 23. Kg1 h4 24. Qc2 Rg8 25. Qh7 Rxg3+ 26. Rxg3 Qxg3+ 27. Kf1
Bh3+ 28. Ke2 Qg4+ 29. Nf3 Kd7 30. Qf7 Qg2+ 31. Ke1 Qxf3 0-1

[Event "XIV C.to Italiano U20"]
[Site "Bratto - Castione della Presolana ITA"]
[Date "2006.08.27"]
[Round "9"]
[White "Rombaldoni, Denis"]
[Black "Dvirnyy, Danyyil"]
[Result "1/2-1/2"]
[WhiteElo "2348"]
[BlackElo "2280"]
[PlyCount "30"]
[EventDate "2006.08.19"]

1. d4 Nf6 2. c4 g6 3. Nc3 Bg7 4. Bg5 O-O 5. Nf3 d6 6. e3 Nbd7 7. Be2 c6 8. O-O
h6 9. Bh4 g5 10. Bg3 Nh5 11. Qc2 Nxg3 12. hxg3 Nf6 13. b4 Ng4 14. Nh2 Nxh2 15.
Kxh2 f5 1/2-1/2

[Event "XIV C.to Italiano U20"]
[Site "Bratto - Castione della Presolana ITA"]
[Date "2006.08.27"]
[Round "9"]
[White "Sala, Giovanni"]
[Black "Romano, Zeno"]
[Result "1-0"]
[WhiteElo "1968"]
[BlackElo "1862"]
[PlyCount "53"]
[EventDate "2006.08.19"]

1. e4 e5 2. Nf3 Nc6 3. Bc4 Bc5 4. c3 Nf6 5. d4 exd4 6. e5 d5 7. Bb5 Ne4 8. cxd4
Bb4+ 9. Bd2 Nxd2 10. Bxc6+ bxc6 11. Nbxd2 c5 12. a3 Bxd2+ 13. Qxd2 cxd4 14.
Qxd4 O-O 15. O-O Be6 16. b4 Qb8 17. Qc5 Qb6 18. Rac1 Rfc8 19. Nd4 a6 20. Rc3 a5
21. b5 Qxc5 22. Rxc5 Kf8 23. Rfc1 Ra7 24. b6 Rb7 25. Rxc7 Rbxc7 26. Nxe6+ fxe6
27. Rxc7 1-0

[Event "XIV C.to Italiano U20"]
[Site "Bratto - Castione della Presolana ITA"]
[Date "2006.08.27"]
[Round "9"]
[White "Stromboli, Ettore"]
[Black "Ronchetti, Niccolo'"]
[Result "0-1"]
[WhiteElo "2224"]
[BlackElo "2421"]
[PlyCount "78"]
[EventDate "2006.08.19"]

1. e4 c5 2. Nf3 Nc6 3. d4 cxd4 4. Nxd4 Nf6 5. Nc3 e5 6. Ndb5 d6 7. Bg5 a6 8.
Bxf6 gxf6 9. Na3 b5 10. Nd5 f5 11. Bd3 Be6 12. Qh5 Rg8 13. g3 Rg5 14. Qd1 Bxd5
15. exd5 Ne7 16. c3 Bg7 17. Be2 Qb6 18. Nc2 Qc5 19. a4 bxa4 20. Nb4 Kf8 21.
Nxa6 Qb6 22. Nb4 a3 23. Qb3 e4 24. Rxa3 Rc8 25. Ra6 Qc5 26. Qa4 f4 27. Ra8
Bxc3+ 28. bxc3 Qxc3+ 29. Kf1 Rxa8 30. Qxa8+ Kg7 31. Qa4 f3 32. Bd1 Nxd5 33. Nc6
Qd3+ 34. Ke1 Nc3 35. Qd4+ Qxd4 36. Nxd4 Rd5 37. Bxf3 exf3 38. Kd2 Ne2 39. Kd1
Nxd4 0-1

[Event "XIV C.to Italiano U20"]
[Site "Bratto - Castione della Presolana ITA"]
[Date "2006.08.27"]
[Round "9"]
[White "Testa, Adriano"]
[Black "Mora, Lorenzo"]
[Result "0-1"]
[WhiteElo "1729"]
[BlackElo "1871"]
[PlyCount "36"]
[EventDate "2006.08.19"]

1. e4 e5 2. Nf3 Nc6 3. Bc4 Bc5 4. c3 Nf6 5. d3 d6 6. O-O Bg4 7. Nbd2 O-O 8. Re1
a6 9. Bb3 d5 10. exd5 Nxd5 11. h3 Bh5 12. g4 Bg6 13. Nxe5 Nxe5 14. Rxe5 Bxf2+
15. Kxf2 Qh4+ 16. Kg2 Nf4+ 17. Kf3 Nxd3 18. Rh5 Qf2# 0-1

[Event "XIV C.to Italiano U20"]
[Site "Bratto - Castione della Presolana ITA"]
[Date "2006.08.27"]
[Round "9"]
[White "Valsecchi, Alessio"]
[Black "Bellemo, Davide"]
[Result "0-1"]
[WhiteElo "2004"]
[BlackElo "2093"]
[PlyCount "144"]
[EventDate "2006.08.19"]

1. e4 e5 2. Nf3 Nc6 3. Bb5 a6 4. Bxc6 dxc6 5. O-O f6 6. d4 Bg4 7. h3 Bxf3 8.
Qxf3 Qxd4 9. Rd1 Qc4 10. b3 Qe6 11. Be3 Bd6 12. Nc3 O-O-O 13. Na4 g5 14. Qe2 h5
15. Nc5 Bxc5 16. Rxd8+ Kxd8 17. Bxc5 g4 18. h4 Ne7 19. Qe3 Nc8 20. Rd1+ Nd6 21.
c4 Ke7 22. Ba3 Rd8 23. Qd2 Rd7 24. Qh6 Qf7 25. Qe3 Qe8 26. Bb4 Ke6 27. f4 gxf3
28. Qxf3 Qg6 29. Qh3+ Qg4 30. Qxg4+ hxg4 31. Re1 g3 32. Re3 Rh7 33. Rxg3 Rxh4
34. Bxd6 cxd6 35. Rg7 b5 36. g4 bxc4 37. bxc4 Rh3 38. c5 dxc5 39. Rc7 Kd6 40.
Rf7 Rf3 41. g5 Rg3+ 42. Kf2 Rxg5 43. Rxf6+ Kc7 44. Ke3 c4 45. a4 Kb6 46. a5+
Kc5 47. Re6 Kb5 48. Re8 Kxa5 49. Rb8 Rg3+ 50. Kd2 Rb3 51. Re8 Rb5 52. Kc3 Rc5
53. Rb8 Rb5 54. Re8 Kb6 55. Kxc4 Kc7 56. Rh8 a5 57. Rh7+ Kb6 58. Rh1 Rb4+ 59.
Kd3 a4 60. Rh8 Kc5 61. Ra8 Rd4+ 62. Ke3 Kb4 63. Rb8+ Kc3 64. Re8 Rd3+ 65. Ke2
Rd2+ 66. Ke3 a3 67. Rxe5 a2 68. Ra5 Rc2 69. e5 Kb2 70. e6 Rc1 71. Kd2 a1=Q 72.
Rxa1 Rxa1 0-1

[Event "XIV C.to Italiano U20"]
[Site "Bratto - Castione della Presolana ITA"]
[Date "2006.08.27"]
[Round "9"]
[White "Vocaturo, Daniele"]
[Black "Lain, Luigi"]
[Result "1-0"]
[WhiteElo "2410"]
[BlackElo "2254"]
[PlyCount "85"]
[EventDate "2006.08.19"]

1. e4 e5 2. Nf3 Nc6 3. Bb5 Nge7 4. O-O g6 5. c3 Bg7 6. d4 exd4 7. cxd4 d5 8.
exd5 Nxd5 9. Re1+ Be6 10. Bg5 Qd6 11. Nbd2 O-O 12. Ne4 Qb4 13. Bxc6 bxc6 14.
Qc1 Rfe8 15. Bd2 Qb6 16. Nc5 Bf5 17. Ne5 Rad8 18. b3 Nb4 19. g4 Rxd4 20. Ned7
Rxg4+ 21. Kh1 Rxe1+ 22. Qxe1 Qxc5 23. Nxc5 Bxa1 24. Bxb4 Bd4 25. h3 Rf4 26. f3
Rxf3 27. Qe8+ Kg7 28. Ne6+ Bxe6 29. Qf8+ Kf6 30. Qh8+ Kf5 31. Qxd4 Rxh3+ 32.
Kg2 Rh5 33. Qf2+ Ke5 34. Qxa7 Bd5+ 35. Kg3 Rg5+ 36. Kf2 Rg2+ 37. Kf1 h5 38.
Qxc7+ Kd4 39. a4 Ra2 40. Qf4+ Kd3 41. Qg3+ Kc2 42. Bd2 Kb2 43. Qc3+ 1-0

[Event "XIV C.to Italiano U20"]
[Site "Bratto - Castione della Presolana ITA"]
[Date "2006.08.27"]
[Round "9"]
[White "Zermian, Federico"]
[Black "Coladangelo, Andrea"]
[Result "1-0"]
[WhiteElo "1560"]
[BlackElo "1548"]
[PlyCount "51"]
[EventDate "2006.08.19"]

1. e4 c5 2. Nc3 Nc6 3. g3 Nf6 4. Bg2 d6 5. d3 g6 6. Be3 Bg7 7. Qd2 Ng4 8. Bf4
Nge5 9. Bh6 O-O 10. h3 e6 11. Nge2 Bd7 12. Bxg7 Kxg7 13. f4 Nxd3+ 14. cxd3 a6
15. a3 f5 16. Rf1 h5 17. h4 Rb8 18. Rb1 Qf6 19. Nd1 Rfc8 20. Qc3 Nd4 21. Ne3
Rc6 22. e5 dxe5 23. Bxc6 Bxc6 24. Qxc5 Nf3+ 25. Rxf3 Bxf3 26. Qc7+ 1-0

[Event "XVIII Festival A"]
[Site "Porto San Giorgio ITA"]
[Date "2006.08.21"]
[Round "1"]
[White "Allegranti, Luca"]
[Black "Bokros, Albert"]
[Result "0-1"]
[WhiteElo "2035"]
[BlackElo "2464"]
[PlyCount "74"]
[EventDate "2006.08.21"]

1. d4 e6 2. Nf3 c5 3. e3 Nf6 4. Bd3 b6 5. Qe2 Bb7 6. Nbd2 Be7 7. O-O O-O 8. c3
d5 9. Ne5 Nbd7 10. Nxd7 Qxd7 11. dxc5 bxc5 12. e4 Qc7 13. Re1 Rfe8 14. e5 Nd7
15. Nf3 Rab8 16. Ng5 Nf8 17. Qh5 g6 18. Qg4 f5 19. Qg3 Bc6 20. h4 Bxg5 21. Qxg5
Bb5 22. Bc2 d4 23. Qg3 Bc6 24. cxd4 cxd4 25. Bb3 a5 26. h5 Qg7 27. Bd1 Rb7 28.
Bf3 Bxf3 29. Qxf3 Rb5 30. Qe2 Reb8 31. b3 gxh5 32. Bb2 Rd5 33. Rad1 Rbd8 34.
Qxh5 Ng6 35. Rd3 Nf4 36. Qf3 Nxd3 37. Qxd3 Rxe5 0-1

[Event "XVIII Festival A"]
[Site "Porto San Giorgio ITA"]
[Date "2006.08.21"]
[Round "1"]
[White "Bonugli, Carlo"]
[Black "Palac, Mladen"]
[Result "0-1"]
[WhiteElo "2064"]
[BlackElo "2584"]
[PlyCount "112"]
[EventDate "2006.08.21"]

1. e4 c5 2. Nc3 Nc6 3. g3 g6 4. Bg2 Bg7 5. d3 d6 6. f4 e6 7. Nf3 Nge7 8. O-O
O-O 9. Be3 b6 10. d4 Ba6 11. Re1 Qc7 12. a4 Rad8 13. Nb5 Qb8 14. c3 Rfe8 15.
Bf2 Bb7 16. Qe2 a6 17. Na3 Qc7 18. e5 cxd4 19. cxd4 Nb4 20. Rac1 Qd7 21. Nc4
Nc8 22. exd6 Qxa4 23. Nfe5 Bxg2 24. d7 Ba8 25. dxe8=Q+ Qxe8 26. Red1 Qb5 27.
Kf1 Qd5 28. Ne3 Qh1+ 29. Bg1 f6 30. Qg4 Bd5 31. Nxd5 Qxd5 32. Nd3 Nc6 33. Ne1
Nd6 34. Qe2 g5 35. Nf3 gxf4 36. gxf4 Nf5 37. Re1 Rd6 38. Rcd1 Nb4 39. Ne5 Qb7
40. Nf3 Nd5 41. Bf2 Nxf4 42. Qe4 Qxe4 43. Rxe4 Nd5 44. Rc1 Kf7 45. Ree1 a5 46.
Rc8 Nfe7 47. Rc4 Bh6 48. Bg3 Rd7 49. Kf2 Ra7 50. Re2 a4 51. Nd2 b5 52. Rc5 Nf5
53. Nf3 b4 54. Rc6 a3 55. bxa3 bxa3 56. Rcxe6 a2 0-1

[Event "XVIII Festival A"]
[Site "Porto San Giorgio ITA"]
[Date "2006.08.21"]
[Round "1"]
[White "Burmakin, Vladimir"]
[Black "Manganelli, Gianpaolo"]
[Result "1-0"]
[WhiteElo "2558"]
[BlackElo "2056"]
[PlyCount "61"]
[EventDate "2006.08.21"]

1. d4 e6 2. c4 f5 3. Nc3 Nf6 4. Nf3 Bb4 5. Qb3 Qe7 6. g3 b6 7. Bg2 Bb7 8. O-O
Bxc3 9. Qxc3 a5 10. b3 O-O 11. Rd1 d6 12. Bb2 Nbd7 13. a3 Ne4 14. Qc1 Ndf6 15.
Ne1 Nh5 16. Nd3 h6 17. f3 Ng5 18. b4 Nf7 19. Bc3 a4 20. b5 g5 21. e4 f4 22.
gxf4 Nxf4 23. Nxf4 gxf4 24. Qxf4 Kh8 25. Qe3 Rg8 26. Kh1 Qh4 27. Rg1 e5 28.
Raf1 Ng5 29. Be1 Qh5 30. f4 exf4 31. Qxf4 1-0

[Event "XVIII Festival A"]
[Site "Porto San Giorgio ITA"]
[Date "2006.08.21"]
[Round "1"]
[White "Farago, Ivan"]
[Black "Pierantozzi, Stanislao"]
[Result "1-0"]
[WhiteElo "2513"]
[BlackElo "2053"]
[PlyCount "87"]
[EventDate "2006.08.21"]

1. d4 d5 2. c4 c6 3. Nf3 Nf6 4. Nc3 e6 5. e3 Nbd7 6. Qc2 Bd6 7. Bd3 O-O 8. O-O
Re8 9. b3 Qe7 10. c5 Bc7 11. e4 dxe4 12. Nxe4 h6 13. Re1 Qd8 14. Nxf6+ Nxf6 15.
Bd2 Nd5 16. Re4 Ba5 17. Ne5 Bxd2 18. Qxd2 f5 19. Re2 Qf6 20. Rae1 Re7 21. Bc4
Qg5 22. Bxd5 exd5 23. Qa5 Bd7 24. Nf3 Rxe2 25. Nxg5 Rxe1+ 26. Qxe1 hxg5 27. h4
gxh4 28. Qe7 Bc8 29. Qxh4 Kf7 30. Qd8 Kg6 31. f4 Kf7 32. Kh2 Kg6 33. Kg3 Kf7
34. Kh4 Kg6 35. Qe8+ Kf6 36. Kh5 a6 37. a3 a5 38. a4 Ra7 39. Qxc8 b5 40. cxb6
Re7 41. b7 Re1 42. Qd8+ Kf7 43. b8=Q Rh1+ 44. Kg5 1-0

[Event "XVIII Festival A"]
[Site "Porto San Giorgio ITA"]
[Date "2006.08.21"]
[Round "1"]
[White "Kohlweyer, Bernd"]
[Black "Marotta, Michele"]
[Result "1/2-1/2"]
[WhiteElo "2419"]
[BlackElo "2018"]
[PlyCount "41"]
[EventDate "2006.08.21"]

1. d4 Nf6 2. c4 g6 3. Nc3 d5 4. Nf3 Bg7 5. Bf4 O-O 6. Rc1 c6 7. e3 Bg4 8. h3
Bxf3 9. Qxf3 Qa5 10. Bd3 Nbd7 11. O-O dxc4 12. Bxc4 e5 13. Bh2 exd4 14. exd4
Nb6 15. Bb3 Qb4 16. Be5 Nbd7 17. Rfe1 Rad8 18. Re2 Nh5 19. Re4 Nhf6 20. Re3 Nh5
21. Re4 1/2-1/2

[Event "XVIII Festival A"]
[Site "Porto San Giorgio ITA"]
[Date "2006.08.21"]
[Round "1"]
[White "Rovedi, Mauro"]
[Black "Jaracz, Pawel"]
[Result "0-1"]
[WhiteElo "2039"]
[BlackElo "2485"]
[PlyCount "74"]
[EventDate "2006.08.21"]

1. Nf3 Nf6 2. c4 e6 3. Nc3 Bb4 4. Qc2 O-O 5. d4 d6 6. e3 b6 7. Bd3 Bb7 8. Bd2
Nbd7 9. a3 Bxc3 10. Bxc3 c5 11. Ng5 h6 12. Ne4 cxd4 13. Bxd4 e5 14. Bc3 Nxe4
15. Bxe4 Bxe4 16. Qxe4 Nc5 17. Qd5 Qe7 18. Rd1 Rfd8 19. O-O Rac8 20. b4 Ne6 21.
Ba1 Qc7 22. Rc1 Qc6 23. Rfd1 Kf8 24. g3 Ke7 25. f4 f6 26. Kf2 Rc7 27. Qd3 a5
28. Qg6 axb4 29. axb4 Ra7 30. Rd5 Ra2+ 31. Rc2 Rxa1 32. f5 Ng5 33. Qxg7+ Nf7
34. e4 Qa4 35. Rcd2 Qxb4 36. Kg2 Qxc4 37. Rxe5+ dxe5 0-1